Score 0/10 Timer 01:00
0 Plays Today
% Correct
The Police
86%
The Kinks
74.1%
The Rolling Stones
72.2%
Fountains of Wayne
55.9%
Red Hot Chili Peppers
54.5%
Taylor Swift
36.4%
Boston
36.4%
Elton John
34.3%
Green Day
33.9%
Lady Gaga
27.5%

Today's Daily Dose

Missing Word
Purple Things

Word Ladder
Bell-Bottoms

Get the Picture
The Beatles Albums

You're not logged in!

Compare scores with friends on all Sporcle quizzes.
OR
Log In

Sporcle TV

Today on Sporcle TV


Watch our educational content, quiz creation guides, and fun videos on Sporcle TV.

Show Comments

Extras

Top Quizzes Today


Score Distribution

Paid Content

Your Account Isn't Verified!

In order to create a playlist on Sporcle, you need to verify the email address you used during registration. Go to your Sporcle Settings to finish the process.

Report this User

Report this user for behavior that violates our Community Guidelines.

Details: